000 00995nam a22001575i 4500
001 159362
003 ES-MaACL
005 20230906211548.0
008 040909s1876 ag |||| | spa d
040 _aCAM
_bspa
_cCAM
245 0 0 _aMemoria sobre las obras de salubrificacion
_b: desde que se iniciaron hasta 31 de diciembre de 1874 con la esposicion de los motivos en los casos especiales que han guiado á la Comision al tomar sus resoluciones y cuenta general de los gastos hasta entonces, acompañada de un informe del ingeniero director de las obras Alfredo Moore, de los trabajos hechos y contratos celebrados /
_cpresentada por la comision que cesó en esta fecha.
260 _aBuenos Aires :
_b[s.n.],
_c1876 (
_fImprenta del Mercurio)
300 _a313 p., [3] h. pleg. ;
_c25 cm.
505 8 _aCon port. propia: Memoria de la Comision de Aguas Corrientes Cloacas y adoquinados correspondiente al año de 1875 (1876), p.89-313
852 _aES-MaACL
_jG-6835
_z-- Enc. pasta española
999 _c159362
_d159362